000 00798nam a2200277 a 4500
999 _c3096
_d3096
003 PK-NaQUE
005 20250530121440.0
008 250530b ||||| |||| 00| 0 eng d
020 _a0071121803 (paperback)
020 _a9780071121804 (paperback)
040 _cQUEST
082 _a518.02462CHA
100 1 _aChapra, Steven C.
245 1 0 _aNumerical Methods For Engineers
250 _a4th ed.
260 _aNew Delhi
_bMcGraw-Hill Publishing
_c2002
300 _aXVIII,925p.
650 _aNumerical Calculations
650 _aData processing
650 _aEngineering mathematics
650 _aArtificial Intelligence
650 _aComputer Science
700 1 _aCanale, Raymond P.
856 4 0 _uhttp://10.10.170.122:8080/browse/book/27478
_yDowload eBook
942 _cBK
_2ddc